01103nam0a22002051 4500001001000000005001700010035002600027100004100053101000800094102000700102105001800109200048000127210005600607215001400663225013500677700002500812801001800837801002200855852002000877rc\50357820250621111535.0 a(NLR Aleph) 005744408 a20030616d1987 |||y0rusy50 ca0 arus aRU ay |||||||||1 aОпыт работы коллектива управления рабочего снабжения Главкубаньрисстроя - победителя во Всесоюзном социалистическом соревнованииfИ.И. Выклюк, Н.В. Головка, М.И. ЛозновенкоgВДНХ СССР. Павильон "Мелиорация и вод. хоз-во", М-во мелиорации и вод. хоз-ва СССР. [ЦБНТИ] aМ.cЦБНТИ Минводхоза СССРd1987 a6 с.d201 aПравофланговые социалистические соревнования двенадцатой пятилетки 1aВыклюкbИ.И. 0aRUbNLRgpsbo 1aRUbELAR2rusmarc aNLRj88-4/15857